[Event "Gibraltar Challengers B 2020"]
[Site "Caleta"]
[Date "2020.01.27"]
[Round "4.43"]
[White "Garcia-Blazquez Perez, Manuel"]
[Black "Tkadlecek, Petr"]
[Result "1-0"]
[WhiteElo "1825"]
[BlackElo "1775"]
[Annotator "NA"]
[PlyCount "103"]
[EventDate "2020.01.20"]
[EventType "swiss"]
[EventCountry "GGB"]
[SourceTitle "playchess.com"]
[Source "ChessBase"]
[SourceQuality "1"]
[TimeControl "6600+10"]

1. e4 {[%emt 0:00:00]} c6 {[%emt 0:00:30]} 2. d4 {[%emt 0:00:00]} g6 {[%emt 0:00:25]} 3. Nc3 {[%emt 0:00:17]} Bg7 {[%emt 0:00:11]} 4. f4 {[%emt 0:00:09]} d6 {[%emt 0:00:26]} 5. Nf3 {[%emt 0:00:06]} Nf6 {[%emt 0:01:37]} 6. e5 {[%emt 0:00:37]} dxe5 {[%emt 0:01:25]} 7. fxe5 {[%emt 0:00:14]} Nd5 {[%emt 0:00:25]} 8. Bc4 {[%emt 0:00:55]} O-O {[%emt 0:01:32]} 9. O-O {[%emt 0:00:14]} Nxc3 {[%emt 0:02:15]} 10. bxc3 {[%emt 0:00:11]} b5 {[%emt 0:00:30] B09: Pirc Defence: Austrian Attack} (10... Bg4 11. h3 b5 12. Bb3 Be6 13. Bxe6 fxe6 14. Ng5 Rxf1+ 15. Qxf1 Qf8 16. Qxf8+ Bxf8 17. a4 Nd7 18. Nxe6 bxa4 19. Rxa4 {1-0 (48) Obad,A (2321)-Habibovic,H (1854) Lukavac 2019}) 11. Bb3 {[%emt 0:01:53]} a5 {[%emt 0:00:53]} 12. a4 {[%emt 0:00:06]} Ba6 {[%emt 0:02:12]} 13. Ng5 {[%emt 0:09:34]} e6 {[%emt 0:02:31]} 14. Rf3 $146 {[%emt 0:00:50]} ({Predecessor:} 14. axb5 Bxb5 15. c4 Ba6 16. Ba3 Qxg5 17. Bxf8 Bxf8 18. Qe2 {½-½ (31) Tropf,P (1920)-Weissenfels,G (1476) GER email 2010}) 14... Qe7 {[%emt 0:05:13]} 15. axb5 {[%emt 0:03:42]} Bb7 {[%emt 0:02:38]} 16. bxc6 {[%emt 0:04:41]} Bxc6 {[%emt 0:02:43]} (16... Nxc6 $16 {was worth a try.} 17. Rh3 h6) 17. Rh3 {[%emt 0:00:10]} a4 {[%emt 0:06:37]} 18. Bc4 {[%emt 0:07:04]} ({Stronger than} 18. Nxh7 axb3 19. Rxa8 Bxa8 $11) 18... Qb7 $2 {[%emt 0:08:16]} (18... h6 19. Nf3 a3 20. Bxh6 Bxh6) 19. Rxh7 {[%emt 0:17:46]} Bxg2 {[%emt 0:05:25]} 20. Ba3 {[%emt 0:03:48]} Rd8 {[%emt 0:07:51]} 21. Qg4 {[%emt 0:00:16]} Bh1 {[%emt 0:06:36]} 22. Qh3 {[%emt 0:00:11]} Qg2+ {[%emt 0:01:52]} 23. Qxg2 {[%emt 0:00:05]} Bxg2 {[%emt 0:00:04]} 24. Kxg2 {[%emt 0:00:07]} Rc8 {[%emt 0:02:02]} 25. Rf1 {[%emt 0:07:00]} Ra7 {[%emt 0:01:50]} 26. Bc5 {[%emt 0:03:20]} Rb7 {[%emt 0:11:07]} 27. h4 {[%emt 0:04:41]} Rcc7 {[%emt 0:02:23]} 28. h5 {[%emt 0:06:02]} gxh5 {[%emt 0:02:13]} 29. Bd3 {[%emt 0:08:54]} Bxe5 {[%emt 0:03:12]} 30. Rxh5 {[%emt 0:00:29]} Rxc5 {[%emt 0:07:32]} 31. dxc5 {[%emt 0:00:08]} Bxc3 {[%emt 0:01:17]} 32. Rf3 {[%emt 0:01:34]} Bb2 {[%emt 0:01:34]} 33. Be4 {[%emt 0:04:41]} Rc7 {[%emt 0:02:22]} 34. Rg3 {[%emt 0:07:09]} Kf8 {[%emt 0:02:13]} 35. Rf3 {[%emt 0:03:33]} Ke8 {[%emt 0:02:05]} 36. c3 {[%emt 0:00:29]} Nd7 {[%emt 0:06:24]} 37. Rh8+ {[%emt 0:00:07]} Nf8 {[%emt 0:00:37]} 38. Nxe6 {[%emt 0:01:00]} Re7 {[%emt 0:04:05]} 39. Bc6+ {[%emt 0:00:11]} Rd7 {[%emt 0:00:25]} 40. Nxf8 {[%emt 0:01:10]} a3 {[%emt 0:00:52]} 41. Re3+ {[%emt 0:00:36]} Kd8 {[%emt 0:00:21]} 42. Ne6+ {[%emt 0:00:16]} Ke7 {[%emt 0:00:10]} 43. Nd4+ {[%emt 0:02:13]} (43. Nf4+ $142 Kf6 44. Bxd7 Bc1 45. Nd5+ Kg7 46. Ree8 f5 47. Bxf5 Bh6 48. Rh7#) 43... Kf6 {[%emt 0:00:19]} 44. Bxd7 {[%emt 0:00:23]} a2 {[%emt 0:00:22]} 45. Nb3 {[%emt 0:02:11]} a1=Q {[%emt 0:00:18]} 46. Nxa1 {[%emt 0:00:20]} Bxa1 {[%emt 0:00:00]} 47. c6 {[%emt 0:00:14]} Kg5 {[%emt 0:00:21]} 48. c7 {[%emt 0:00:05]} Kf4 {[%emt 0:00:05]} 49. Kf2 {[%emt 0:00:16]} f5 {[%emt 0:00:26]} 50. c8=Q {[%emt 0:00:11]} Bb2 {[%emt 0:00:13]} 51. Rg8 {[%emt 0:00:29]} Bxc3 {[%emt 0:00:38]} 52. Qc4+ {[%emt 0:00:18]} 1-0

[Event "Gibraltar Challengers B 2020"]
[Site "Caleta"]
[Date "2020.01.29"]
[Round "5.1"]
[White "Royset, Pal"]
[Black "Yanev, Pavel"]
[Result "0-1"]
[WhiteElo "2151"]
[BlackElo "2200"]
[Annotator "ChessBase"]
[PlyCount "128"]
[EventDate "2020.01.20"]
[EventType "swiss"]
[EventCountry "GGB"]
[SourceTitle "playchess.com"]
[Source "ChessBase"]
[SourceQuality "1"]
[TimeControl "6600+10"]

1. d4 {[%emt 0:00:34]} Nf6 {[%emt 0:00:24]} 2. Bf4 {[%emt 0:00:46]} c5 {[%emt 0:01:23]} 3. e3 {[%emt 0:03:44]} d5 {[%emt 0:01:06]} 4. c3 {[%emt 0:00:21]} Nc6 {[%emt 0:01:05]} 5. Nd2 {[%emt 0:02:28]} Bg4 {[%emt 0:02:19]} 6. Ngf3 {[%emt 0:03:09]} e6 {[%emt 0:01:43]} 7. h3 {[%emt 0:05:53]} Bxf3 {[%emt 0:01:23]} 8. Nxf3 {[%emt 0:00:32]} Bd6 {[%emt 0:00:39]} 9. Bxd6 {[%emt 0:13:20]} Qxd6 {[%emt 0:01:22]} 10. Bb5 {[%emt 0:03:23]} O-O {[%emt 0:03:50]} 11. O-O {[%emt 0:02:05]} a6 {[%emt 0:00:47]} 12. Bxc6 {[%emt 0:03:26]} Qxc6 {[%emt 0:00:27]} 13. Ne5 {[%emt 0:05:24]} Qc7 {[%emt 0:02:45]} 14. Qc2 {[%emt 0:04:17]} b5 {[%emt 0:05:08]} 15. Nd3 {[%emt 0:04:32]} Nd7 {[%emt 0:02:27]} 16. a4 {[%emt 0:05:35]} c4 {[%emt 0:06:14]} 17. Nf4 {[%emt 0:01:03]} b4 {[%emt 0:05:06]} 18. cxb4 {[%emt 0:01:44]} Rab8 {[%emt 0:04:53]} 19. Nd3 {[%emt 0:07:47]} Qd6 {[%emt 0:03:47]} 20. Nc5 {[%emt 0:04:49]} Rxb4 {[%emt 0:00:53]} 21. Nxd7 {[%emt 0:01:58]} Qxd7 {[%emt 0:00:32]} 22. Rfe1 {[%emt 0:02:44]} Rfb8 {[%emt 0:07:07]} 23. Ra2 {[%emt 0:00:12]} Qb7 {[%emt 0:04:33]} 24. Re2 {[%emt 0:00:13]} g6 {[%emt 0:01:56]} 25. h4 {[%emt 0:01:52]} Qe7 {[%emt 0:02:30]} 26. g3 {[%emt 0:00:08]} Qf6 {[%emt 0:00:41]} 27. Kg2 {[%emt 0:00:28]} Rb3 {[%emt 0:00:40]} 28. Rd2 {[%emt 0:01:29]} h5 {[%emt 0:02:55]} 29. Rd1 {[%emt 0:00:51]} Kf8 {[%emt 0:01:25]} 30. Rd2 {[%emt 0:02:14]} Ke7 {[%emt 0:00:59]} 31. Rd1 {[%emt 0:02:06]} R8b4 {[%emt 0:02:55]} 32. Rd2 {[%emt 0:01:36]} Kd7 {[%emt 0:02:39]} 33. Rd1 {[%emt 0:01:35]} Qf5 {[%emt 0:01:21]} 34. Qxf5 {[%emt 0:02:09]} gxf5 {[%emt 0:00:18]} 35. Rd2 {[%emt 0:00:13]} Kc6 {[%emt 0:00:36]} 36. Kf3 {[%emt 0:00:47]} Kb6 {[%emt 0:00:21]} 37. Kf4 {[%emt 0:01:47]} f6 {[%emt 0:02:42]} 38. a5+ {[%emt 0:01:31]} Kb5 {[%emt 0:00:43]} 39. f3 {[%emt 0:00:19]} Ra4 {[%emt 0:01:06]} 40. Rxa4 {[%emt 0:00:46]} Kxa4 {[%emt 0:00:14]} 41. Re2 {[%emt 0:04:05]} Kxa5 {[%emt 0:02:51]} 42. g4 {[%emt 0:00:07]} fxg4 {[%emt 0:01:08]} 43. fxg4 {[%emt 0:00:06]} hxg4 {[%emt 0:00:15]} 44. Kxg4 {[%emt 0:00:09]} Rb8 {[%emt 0:00:30]} 45. h5 {[%emt 0:00:49]} Rh8 {[%emt 0:14:13]} 46. Rh2 {[%emt 0:02:05]} Rh6 {[%emt 0:00:27]} 47. Kf4 {[%emt 0:02:16]} Kb4 {[%emt 0:05:18]} 48. e4 {[%emt 0:00:16]} c3 {[%emt 0:02:47]} 49. bxc3+ {[%emt 0:02:24]} Kxc3 {[%emt 0:00:18]} 50. exd5 {[%emt 0:00:49]} exd5 {[%emt 0:00:14]} 51. Ke3 {[%emt 0:01:40]} a5 {[%emt 0:01:40]} 52. Rh1 {[%emt 0:00:03]} Kb2 {[%emt 0:00:53]} 53. Rf1 {[%emt 0:02:09]} Rxh5 {[%emt 0:00:48]} 54. Rxf6 {[%emt 0:00:03]} Rh3+ {[%emt 0:00:33]} 55. Kf4 {[%emt 0:00:34]} a4 {[%emt 0:01:28]} 56. Ke5 {[%emt 0:00:32]} Rh5+ {[%emt 0:00:13]} 57. Kd6 {[%emt 0:00:02]} a3 {[%emt 0:00:11]} 58. Rf2+ {[%emt 0:00:14]} Kb3 {[%emt 0:00:23]} 59. Kc5 {[%emt 0:00:32]} a2 {[%emt 0:00:19]} 60. Rf3+ {[%emt 0:00:10]} Ka4 {[%emt 0:00:14]} 61. Rf8 {[%emt 0:00:08]} Rh1 {[%emt 0:01:13]} 62. Kxd5 {[%emt 0:00:37]} a1=Q {[%emt 0:00:12]} 63. Ra8+ {[%emt 0:00:04]} Kb5 {[%emt 0:00:04]} 64. Rxa1 {[%emt 0:00:13]} Rxa1 {[%emt 0:00:04]} 0-1

[Event "Gibraltar Challengers B 2020"]
[Site "Caleta"]
[Date "2020.01.29"]
[Round "5.2"]
[White "Oragwu, Chukwunonso"]
[Black "Hristodorescu, Daniel"]
[Result "1-0"]
[WhiteElo "2220"]
[BlackElo "2172"]
[Annotator "TA"]
[PlyCount "91"]
[EventDate "2020.01.20"]
[EventType "swiss"]
[EventCountry "GGB"]
[SourceTitle "playchess.com"]
[Source "ChessBase"]
[SourceQuality "1"]

{[%evp 20,91,35,1,47,39,39,31,53,0,37,10,17,14,56,40,60,64,67,61,109,89,115,97,128,98,102,81,84,0,8,0,0,-10,-13,0,43,0,34,60,64,40,40,27,23,43,20,6,33,0,0,0,0,0,0,0,0,0,0,0,15,0,21,20,266,266,314,318,374,350,681,655,1293,1289]} 1. e4 e5 2. Nf3 Nc6 3. Bb5 a6 4. Ba4 Nf6 5. Qe2 b5 6. Bb3 Be7 7. a4 Rb8 8. axb5 axb5 9. O-O O-O 10. c3 d6 11. h3 Be6 {C86: Closed Ruy Lopez: Worrall Attack} 12. Bxe6 fxe6 13. Ra6 $146 ({Predecessor:} 13. d4 Qd7 14. dxe5 Nxe5 15. Nxe5 dxe5 16. Bg5 Qc6 {0-1 (49) Carlsen,H (2062)-Pham,T (2098) Oslo 2006}) 13... Qc8 {White is slightly better.} 14. Ra1 ({White should try} 14. Rxc6 $14 Qb7 15. Nxe5) 14... Nd7 15. d4 Bf6 {[%cal Re5d4]} 16. Be3 Qb7 17. Nbd2 exd4 18. cxd4 Nb4 19. Qd1 {aiming for Qb3.} c5 20. Qb3 $1 Kh8 {[#]} 21. e5 $1 {[%mdl 512]} dxe5 22. dxe5 Be7 23. Qxe6 Rbe8 24. Qb3 (24. Qg4 $16) 24... c4 $11 25. Qc3 {next Ra7 is good for White.} Nd5 26. Qc2 Nxe3 27. fxe3 Bc5 28. Qc3 Nb6 29. Nb3 $1 {[%cal Rb3c5]} Be7 30. Nbd4 {Black must now prevent Qc2.} Nd5 31. Qc1 Bc5 32. Kh1 Nb4 33. e6 Qe4 34. Qd2 Nd3 35. Qe2 h6 36. Rad1 Rd8 {[%cal Rc5d4]} 37. Nd2 Qh4 38. N2f3 Qe4 {[%cal Rc5d4]} 39. Nd2 $36 {[%mdl 2048] White has good play.} (39. Nxb5 Qxe6 40. b3 Bxe3 $15) 39... Qg6 40. N2f3 Rfe8 41. b3 Qe4 $2 {[#]} (41... Bb6 $11) 42. bxc4 $1 $18 ({Stronger than} 42. Nxb5 Qxe3 43. Qxe3 Bxe3 $11) 42... bxc4 {[%cal Rc5d4] [#]} 43. Nd2 $1 {[%csl LRc4,LRe4][%cal Rd2e4]} Qd5 44. Rf5 Qxf5 $2 (44... Ne5 45. Qh5 Bxd4 46. exd4 Qc6 47. Rxe5 Rxd4) 45. Nxf5 c3 46. Ne4 {Accuracy: White = 67%, Black = 34%.} 1-0

[Event "Gibraltar Challengers B 2020"]
[Site "Caleta"]
[Date "2020.01.29"]
[Round "5.3"]
[White "Ruperez, Miguel"]
[Black "Nebel, Jens"]
[Result "0-1"]
[WhiteElo "2126"]
[BlackElo "2168"]
[Annotator "ChessBase"]
[PlyCount "108"]
[EventDate "2020.01.20"]
[EventType "swiss"]
[EventCountry "GGB"]
[SourceTitle "playchess.com"]
[Source "ChessBase"]
[SourceQuality "1"]
[TimeControl "6600+10"]

1. Nf3 {[%emt 0:00:00]} d5 {[%emt 0:00:33]} 2. g3 {[%emt 0:00:47]} Nf6 {[%emt 0:00:47]} 3. Bg2 {[%emt 0:00:55]} e6 {[%emt 0:02:28]} 4. d3 {[%emt 0:03:09]} Be7 {[%emt 0:02:20]} 5. O-O {[%emt 0:03:39]} O-O {[%emt 0:00:11]} 6. b3 {[%emt 0:02:01]} c5 {[%emt 0:02:17]} 7. c4 {[%emt 0:03:57]} Nc6 {[%emt 0:02:24]} 8. e3 {[%emt 0:11:17]} d4 {[%emt 0:08:10]} 9. exd4 {[%emt 0:01:26]} cxd4 {[%emt 0:00:04]} 10. Re1 {[%emt 0:04:43]} Nd7 {[%emt 0:01:30]} 11. a3 {[%emt 0:02:18]} a5 {[%emt 0:00:14]} 12. Nbd2 {[%emt 0:03:05]} e5 {[%emt 0:00:42]} 13. Rb1 {[%emt 0:01:51]} Re8 {[%emt 0:04:47]} 14. h3 {[%emt 0:08:31]} Bf8 {[%emt 0:02:28]} 15. g4 {[%emt 0:02:11]} Nc5 {[%emt 0:11:52]} 16. Ne4 {[%emt 0:01:52]} Nxe4 {[%emt 0:01:54]} 17. Rxe4 {[%emt 0:01:35]} Bd6 {[%emt 0:02:01]} 18. Re1 {[%emt 0:08:30]} Kh8 {[%emt 0:09:37]} 19. Ng5 {[%emt 0:02:36]} Rf8 {[%emt 0:02:30]} 20. Bd5 {[%emt 0:08:28]} Qc7 {[%emt 0:03:39]} 21. Qf3 {[%emt 0:07:11]} f5 {[%emt 0:02:33]} 22. Qg3 {[%emt 0:07:32]} g6 {[%emt 0:12:36]} 23. Qh4 {[%emt 0:01:47]} f4 {[%emt 0:01:33]} 24. Be4 {[%emt 0:04:28]} Qg7 {[%emt 0:00:57]} 25. Nf3 {[%emt 0:01:16]} h6 {[%emt 0:06:39]} 26. g5 {[%emt 0:00:35]} h5 {[%emt 0:00:50]} 27. c5 {[%emt 0:01:46]} Bc7 {[%emt 0:01:17]} 28. Bxc6 {[%emt 0:03:21]} bxc6 {[%emt 0:00:05]} 29. Nd2 {[%emt 0:00:37]} Ba6 {[%emt 0:04:27]} 30. Nc4 {[%emt 0:00:13]} Rf5 {[%emt 0:00:38]} 31. Kh1 {[%emt 0:03:26]} Qf7 {[%emt 0:03:59]} 32. f3 {[%emt 0:00:40]} Qd5 {[%emt 0:01:27]} 33. Qf2 {[%emt 0:01:45]} Rxg5 {[%emt 0:00:48]} 34. Rg1 {[%emt 0:01:27]} Rxg1+ {[%emt 0:00:33]} 35. Kxg1 {[%emt 0:00:02]} Qxc5 {[%emt 0:01:13]} 36. Qg2 {[%emt 0:00:42]} Kh7 {[%emt 0:00:43]} 37. Qg5 {[%emt 0:00:16]} Rf8 {[%emt 0:01:12]} 38. a4 {[%emt 0:00:21]} Rf5 {[%emt 0:02:20]} 39. Qh4 {[%emt 0:00:02]} Qd5 {[%emt 0:00:28]} 40. Qe7+ {[%emt 0:02:28]} Rf7 {[%emt 0:00:22]} 41. Qe8 {[%emt 0:00:14]} c5 {[%emt 0:01:26]} 42. Ba3 {[%emt 0:00:11]} Bb7 {[%emt 0:00:14]} 43. Nd2 {[%emt 0:00:08]} Bc6 {[%emt 0:00:29]} 44. Qc8 {[%emt 0:00:22]} Bd6 {[%emt 0:03:16]} 45. Ne4 {[%emt 0:00:24]} Be7 {[%emt 0:01:36]} 46. Qc7 {[%emt 0:00:55]} Qe6 {[%emt 0:00:31]} 47. Bxc5 {[%emt 0:01:13]} Bxe4 {[%emt 0:00:52]} 48. dxe4 {[%emt 0:00:02]} Bxc5 {[%emt 0:00:26]} 49. Qxc5 {[%emt 0:00:01]} Qxh3 {[%emt 0:00:06]} 50. Rf1 {[%emt 0:00:41]} d3 {[%emt 0:00:27]} 51. Qxe5 {[%emt 0:00:53]} d2 {[%emt 0:00:09]} 52. Qa1 {[%emt 0:00:19]} Rd7 {[%emt 0:00:13]} 53. Qd1 {[%emt 0:00:01]} g5 {[%emt 0:00:22]} 54. Qe2 {[%emt 0:01:02]} Qxf1+ {[%emt 0:00:01] Qd1 Qh3} 0-1

[Event "Gibraltar Challengers B 2020"]
[Site "Caleta"]
[Date "2020.01.29"]
[Round "5.5"]
[White "Osuna Vega, Enrique"]
[Black "Prieto Martin, Alfonso"]
[Result "1-0"]
[WhiteElo "2129"]
[BlackElo "2181"]
[Annotator "TA"]
[PlyCount "57"]
[EventDate "2020.01.20"]
[EventType "swiss"]
[EventCountry "GGB"]
[SourceTitle "playchess.com"]
[Source "ChessBase"]
[SourceQuality "1"]

{[%evp 21,57,-25,-17,-8,15,21,23,0,54,63,56,43,70,71,179,155,200,116,332,330,344,246,240,215,200,213,664,677,640,637,1583,1525,29987,29988,29988,29989,29989,1220]} 1. e4 c5 2. Nf3 e6 3. d4 cxd4 4. Nxd4 Nf6 5. Nc3 Nc6 6. Ndb5 Bb4 7. Bf4 Nxe4 8. Qf3 d5 9. Nc7+ Kf8 10. O-O-O Bxc3 11. bxc3 e5 12. Nxd5 {B45: Sicilian Four Knights} Ng5 13. Bxg5 $1 Qxg5+ 14. Kb2 {White has an edge.} h6 $146 (14... h5 $11 15. h3 Rh6) ({Predecessor:} 14... Qg4 15. Be2 Qxf3 16. Bxf3 Bf5 17. Rhe1 Rc8 18. g4 Be6 19. Nb4 Na5 {½-½ (31) Sharapov,E (2399)-Trajkovic,P (2390) Evpatoria 2007}) 15. h3 $14 Rb8 16. Bc4 Be6 17. Bb3 Bxd5 (17... Rc8 $16) 18. Rxd5 $18 {aiming for Rd7.} ({Don't play} 18. Bxd5 $6 Qf6 $14) 18... Re8 19. Rhd1 ({Better is} 19. Rd7 $18 {[%csl Gb3,Gd7][%cal Rf3f7]} Re7 20. h4) 19... Qf6 $2 (19... g6 $16) 20. Qe3 g6 21. Rd6 $40 {[%mdl 128] White has strong attack.} Qg5 22. Rd7 Re7 23. Qc5 {Rxb7 is the strong threat.} e4 $2 (23... Kg7 24. Rxe7 Qxe7 25. Qxe7 Nxe7) 24. R1d5 Qf6 25. R7d6 Qh4 26. g3 Qxh3 27. Rxc6 {[%mdl 64] [#] Remove Defender. White mates.} bxc6 28. Rd8+ Kg7 29. Qxe7 {Accuracy: White = 96%, Black = 22%.} (29. Qd4+ $142 f6 30. Rxh8 Qd7 31. Rg8+ Kh7 32. Qxf6 Rg7 33. Qf8 g5 {[#]} 34. Be6 $1 {[%mdl 512]}) 1-0

[Event "Gibraltar Challengers B 2020"]
[Site "Caleta"]
[Date "2020.01.29"]
[Round "5.6"]
[White "Galvan, Jesus"]
[Black "Severijnen, Arjon"]
[Result "1/2-1/2"]
[WhiteElo "2180"]
[BlackElo "2120"]
[Annotator "TA"]
[PlyCount "66"]
[EventDate "2020.01.20"]
[EventType "swiss"]
[EventCountry "GGB"]
[SourceTitle "playchess.com"]
[Source "ChessBase"]
[SourceQuality "1"]

{[%evp 12,66,56,20,56,20,29,8,38,-15,-32,-21,41,0,-6,-6,0,-6,-2,0,-2,-14,-9,-14,-17,-6,33,22,71,75,73,69,69,67,87,11,8,0,0,0,12,4,14,16,55,0,0,0,0,0,23,0,0,0,29,0,99]} 1. c4 Nf6 2. Nc3 g6 3. g3 Bg7 4. Bg2 d6 5. e4 Nc6 6. Nge2 O-O 7. O-O Nd7 {A16: English Opening: 1...Nf6 with ...d5} (7... e5 8. d3 Nh5 9. Be3 f5 10. exf5 Bxf5 11. d4 Qd7 12. d5 Ne7 13. f3 Bh3 14. Bxh3 Qxh3 15. Ne4 Qd7 16. g4 Nf6 17. N2c3 Nxe4 18. Nxe4 {1-0 (34) Bachmann,A (2632)-Berg,E (2581) Maastricht 2016}) 8. Rb1 $146 ({Predecessor:} 8. d4 e5 9. dxe5 dxe5 10. Be3 Nb6 11. b3 Nd4 12. c5 Nxe2+ 13. Qxe2 Nd7 14. Nb5 a6 15. Na3 {½-½ (41) Papp,L (2259)-Vodila,M (2144) Hungary 2018}) 8... e5 9. f4 f5 10. fxe5 (10. exf5 $14 Rxf5 11. d3) 10... Ndxe5 $11 11. d4 Ng4 (11... Nxc4 $11 12. exf5 Rxf5) 12. Nd5 fxe4 {Threatening ...Rxf1+.} 13. h3 Rxf1+ 14. Qxf1 Nh6 $1 ({Don't play} 14... Nxd4 $6 15. hxg4 Bxg4 16. Nxd4 $16) 15. Bxh6 ({But not} 15. Bxe4 Nxd4 16. Bxh6 Nxe2+ 17. Qxe2 Bxh6 $17) 15... Bxh6 16. Bxe4 Bg7 17. Rd1 Be6 18. b3 Qg5 19. Qf4 Qxf4 20. Nexf4 Bxd5 21. Bxd5+ Kh8 22. Ne6 Re8 23. Nxg7 ({White should play} 23. Nxc7 $16 Re2 24. Nb5) 23... Kxg7 24. Bxc6 bxc6 $16 {[%mdl 4096] Endgame KR-KR} 25. Kf2 Rf8+ 26. Ke3 Re8+ 27. Kd3 Rf8 28. Kc3 ({Better is} 28. Re1 $14) 28... a5 $11 29. Rd3 Rf2 30. a3 Ra2 31. Re3 {With the idea Re7+.} Kf7 32. g4 Rg2 33. Rf3+ Kg7 {Accuracy: White = 34%, Black = 42%.} (33... Ke6 $11 {remains equal.}) 1/2-1/2

[Event "Gibraltar Challengers B 2020"]
[Site "Caleta"]
[Date "2020.01.29"]
[Round "5.7"]
[White "Dolzhikova, Olga"]
[Black "Tejaswini, Sagar"]
[Result "1-0"]
[WhiteElo "2123"]
[BlackElo "2180"]
[Annotator "TA"]
[PlyCount "119"]
[EventDate "2020.01.20"]
[EventType "swiss"]
[EventCountry "GGB"]
[SourceTitle "playchess.com"]
[Source "ChessBase"]
[SourceQuality "1"]

{[%evp 9,119,-11,40,33,42,34,55,46,50,5,16,0,35,-29,43,52,47,-9,60,0,0,0,0,0,26,-18,0,0,0,-68,-76,-83,39,0,0,0,0,0,106,106,272,273,262,254,271,278,265,266,272,233,266,259,399,347,338,337,427,361,510,509,506,554,522,549,664,664,664,643,702,684,665,665,716,663,703,694,805,715,762,690,666,659,652,628,643,638,654,654,643,647,633,616,641,657,5289,5295,4044,2755,1997,1622,1320,2368,10398,9659,5595,5106,29969,29970,6729,6697,2350,1966]} 1. e4 e5 2. Bc4 Bc5 3. d3 Nf6 4. Nc3 c6 5. Bb3 d5 (5... d6 $11) (5... d6 6. Nf3 O-O 7. h3 Nbd7 8. O-O Bb6 9. a3 Nc5 10. Ba2 Ne6 11. Ne2 Re8 12. Be3 Bxe3 13. fxe3 {1-0 (22) Nakamura,H (2780)-Topalov,V (2749) Saint Louis 2017}) 6. exd5 $14 {C27: Vienna Game: 2...Nf6 3 Bc4 Nxe4} Nxd5 7. Ne4 Be7 8. Nf3 {White is slightly better.} Nd7 $146 ({Predecessor:} 8... Bg4 9. h3 Bxf3 10. Qxf3 Nd7 11. Qg3 g6 12. O-O Qc7 13. f4 {1-0 (44) Maura Denis,C-Van der Mije Nicolau,A (2270) Buenos Aires 1978}) 9. Bd2 O-O 10. Qe2 Qc7 11. O-O-O (11. O-O $14) 11... N7f6 (11... a5 $11) 12. Nxf6+ Bxf6 13. Qe4 (13. Rde1 $14) 13... Bd7 (13... g6 $11) 14. Bg5 (14. g4 $14) 14... Bxg5+ 15. Nxg5 {[%csl Gg5][%cal Re4h7]} Nf6 16. Qh4 h6 17. Nf3 (17. Ne4 $5 {[%cal Re4f6]} Nd5 18. Rhe1 $11) 17... Rfe8 18. Rhe1 Bf5 19. g4 ({Better is} 19. Qg3 $11) 19... Bxg4 $15 20. Rg1 Qd7 {[#]} (20... e4 $17 21. Nd2 h5) 21. h3 $1 {[%mdl 512]} Qf5 (21... Bxh3 22. Qxf6) 22. hxg4 Qxf3 23. g5 hxg5 (23... Nd5 $1 $11) 24. Rxg5 $16 {And now Qh6 would win.} Nh7 $2 (24... Qf4+ $16 25. Qxf4 exf4) 25. Rh5 $18 g5 26. Rg1 $40 {[%mdl 128] White is out for blood.} Qf4+ 27. Qxf4 exf4 28. Rgh1 Nf6 29. Rxg5+ Kf8 30. Rf5 {[%mdl 64] [#] Double Attack} Nd5 (30... Ke7 $142 31. Rh6 Nd5 32. Bxd5 cxd5 33. Re5+ Kd7 34. Rxd5+ Ke7 35. Re5+ Kd7) 31. Bxd5 cxd5 {[%mdl 4096] Endgame KRR-KRR} 32. Rh7 ({Don't take} 32. Rxd5 $6 Kg7 $18) 32... Re1+ 33. Kd2 Rae8 (33... Kg8 $142 34. Rfxf7 Rg1 35. Rxb7 a5) 34. Rfxf7+ Kg8 35. Rfg7+ Kf8 36. Rxb7 {[%cal Rh7h8]} Kg8 37. Rbg7+ Kf8 38. Rxa7 {[%cal Rh7h8]} Kg8 39. Rhg7+ Kh8 {intending ...d4.} 40. Kc3 R1e2 41. Rh7+ Kg8 42. f3 R2e3 43. Rag7+ Kf8 44. Rd7 {[%cal Rh7h8]} Kg8 45. Rhg7+ Kh8 46. Rg4 Rc8+ 47. Kd4 Rxf3 48. Rxd5 {[%cal Rd5h5]} Rh3 49. c4 Rf8 50. Rgg5 f3 51. Rgf5 Rxf5 52. Rxf5 {KR-KR} Kg7 53. Ke3 f2+ 54. Kxf2 Rxd3 55. Ke2 Rh3 56. b3 Kg6 57. Rf2 Rh1 58. Kd3 Rd1+ 59. Kc3 Rc1+ 60. Kb4 {Accuracy: White = 62%, Black = 21%.} 1-0

[Event "Gibraltar Challengers B 2020"]
[Site "Caleta"]
[Date "2020.01.29"]
[Round "5.8"]
[White "Ask, Josef"]
[Black "Lopez Gonzalez, Alfonso"]
[Result "1-0"]
[WhiteElo "2174"]
[BlackElo "2199"]
[Annotator "TA"]
[PlyCount "79"]
[EventDate "2020.01.20"]
[EventType "swiss"]
[EventCountry "GGB"]
[SourceTitle "playchess.com"]
[Source "ChessBase"]
[SourceQuality "1"]

{[%evp 10,79,-27,-15,-27,-10,-10,-15,37,38,27,0,52,34,46,45,86,75,108,109,135,136,146,137,130,145,138,-22,-27,-25,-25,-35,-31,-39,-32,-158,-88,-171,-152,-188,-197,-739,-716,-626,-241,-265,-83,-86,388,391,402,412,396,351,462,0,0,0,442,297,272,194,560,567,1502,1502,5412,1143,1216,1217,1223,1172]} 1. Nf3 c5 2. g3 Nc6 3. Bg2 d5 4. O-O e5 5. d3 f6 6. c4 d4 {A08: King's Indian Attack} 7. e3 Bg4 (7... dxe3 8. Bxe3 Bd6 9. Nc3 Nge7 10. Ne4 b6 11. b4 cxb4 12. d4 Bf5 13. dxe5 Bxe4 14. exd6 {1-0 (28) Bacrot,E (2720)-Naiditsch,A (2705) Dubai 2014}) 8. h3 Bh5 ({Black should try} 8... Be6 $11) 9. exd4 $14 cxd4 10. a3 $146 ({Predecessor:} 10. Re1 Bf7 11. Qa4 Qd7 12. a3 Nge7 13. b4 Ng6 14. Nbd2 {1-0 (43) Bruce,S (2145)-Martins,A (1998) Sao Paulo 2016}) 10... a5 ({Better is} 10... Bd6 $11) 11. Re1 $36 {[%mdl 2048] aiming for Nxe5. Black is under pressure.} Nge7 12. Nbd2 Qc7 13. Rb1 Bg6 14. Ne4 Nc8 {[#]} 15. Nh4 $1 Bxe4 16. Bxe4 Nd6 17. Qh5+ Qf7 18. Bg6 $2 (18. Qxf7+ $16 Nxf7 19. f4) 18... hxg6 $11 19. Qxh8 {And now Qh7 would win.} g5 20. c5 gxh4 21. cxd6 hxg3 $1 22. f3 ({But not} 22. fxg3 Qg6 $17) (22. f4 $1 $15) 22... Qg6 (22... O-O-O $142 23. d7+ Kb8) 23. Re4 (23. Rd1 $17) 23... O-O-O 24. Qg8 f5 25. Re1 $2 (25. d7+ Kxd7 26. Re2) 25... Bxd6 $19 26. Qc4 e4 $2 (26... Rh8 27. Kg2 Kb8) 27. dxe4 g2 $2 (27... Kb8 $19 28. Kg2 Qf6) 28. e5 $17 Qg3 $2 {[%mdl 8192]} (28... Bc7 $17 {Hoping for ...Qg3.} 29. Bf4 d3) 29. Qe6+ $18 Kb8 30. exd6 Rxd6 31. Qe8+ Ka7 32. Qe2 Rg6 33. Qe8 Rd6 34. Re2 Rd8 35. Qe6 Rd6 $2 (35... Qxh3 36. Rxg2 Rh8) 36. Qxf5 {Threatens to win with Bf4.White is clearly winning.} Rg6 {( -> ...Qh2+!)} 37. Bf4 Qh4 38. Qxg6 {[%mdl 64] [#] Double Attack} Qxf4 39. Kxg2 d3 40. Qxd3 {Accuracy: White = 33%, Black = 33%.} 1-0